• 首页
  • 本馆介绍
  • 公告通知
  • 最新文献
  • 馆藏检索
  • 电子资源
  • 读者导购
  • 参考咨询
  • 我的图书馆
  • 登录
  • 详细信息显示
  • 放入我的书架
  • 预约/预借图书
  • 作者相关作品
  • 分类相关作品
  • 丛书相关作品
  • 出版社相关作品

书目信息

  • 表格格式
  • 工作单格式
  • 卡片格式
题名:
化学(基础模块)同步辅导与能力训练
    
 
作者: 侯彩丽 , 倪虹 , 杜彩霞 主编
分册:  
出版信息: 北京   航空工业出版社  2020.8
页数: 122页
开本: 26cm
丛书名:
单 册:
中图分类: G634.83
科图分类:
主题词: 化学课--中等专业学校--教学参考资料
电子资源:
ISBN: 978-7-5165-2315-5
000 01263nam0 2200253 45
001 012001001278
005 20140913133555.0
010    @a978-7-5165-2315-5@dCNY28.00
100    @a20200812d2020 em y0chiy0110 ea
101 0  @achi
102    @aCN@b110000
105    @ay z 000yy
106    @ar
200 1  @a化学(基础模块)同步辅导与能力训练@Ahua xue ( ji chu mo kuai ) tong bu fu dao yu neng li xun lian@f侯彩丽,倪虹,杜彩霞主编
210    @a北京@c航空工业出版社@d2020.8
215    @a122页@d26cm
330    @a本书是与《化学(基础模块)》相配套的学生用书,是根据2020年教育部颁布《中等职业学校化学课程标准》编写的。本书内容共分6章,主要包括:原子结构与化学键、化学反应及其规律、溶液与水溶液中的离子反应、常见无机物及其应用、简单有机化合物及其应用、常见生物分子及合成高分子化合物。通过本书的同步学习,学生可以加深对教材内容的理解,理清知识脉络,掌握常用的化学思想方法,提高应用化学知识来分析和解决问题的能力。这有助于学生获得更综合的职业能力,成为能在生产、服务一线工作的高素质劳动者和技能型人才。
606 0  @a化学课@x中等专业学校@j教学参考资料
690    @aG634.83@v5
701  0 @a侯彩丽@Ahou cai li@4主编
701  0 @a倪虹@Ani hong@4主编
701  0 @a杜彩霞@Adu cai xia@4主编
801  0 @aCN@bBJSDL@c20211011
905    @b1333744-8@dG634.83@e2388@f5
    
    化学(基础模块)同步辅导与能力训练/侯彩丽,倪虹,杜彩霞主编.-北京:航空工业出版社,2020.8
    122页;26cm
    
    
    ISBN 978-7-5165-2315-5:CNY28.00
    本书是与《化学(基础模块)》相配套的学生用书,是根据2020年教育部颁布《中等职业学校化学课程标准》编写的。本书内容共分6章,主要包括:原子结构与化学键、化学反应及其规律、溶液与水溶液中的离子反应、常见无机物及其应用、简单有机化合物及其应用、常见生物分子及合成高分子化合物。通过本书的同步学习,学生可以加深对教材内容的理解,理清知识脉络,掌握常用的化学思想方法,提高应用化学知识来分析和解决问题的能力。这有助于学生获得更综合的职业能力,成为能在生产、服务一线工作的高素质劳动者和技能型人才。
●
相关链接 在E读中查询图书 在五车中查询图书 在当当中查询图书 在豆瓣中查询图书


正题名:化学(基础模块)同步辅导与能力训练     索取号:G634.83/2388         预约/预借

序号 登录号 条形码 馆藏地/架位号 状态 备注
1 1333744   213337441   第一样本阅览室/ [索取号:G634.83/2388] 在馆    
2 1333745   213337450   第四借阅区/ [索取号:G634.83/2388] 在馆    
3 1333746   213337469   第四借阅区/ [索取号:G634.83/2388] 在馆    
4 1333747   213337478   第四借阅区/ [索取号:G634.83/2388] 在馆    
5 1333748   213337487   第四借阅区/ [索取号:G634.83/2388] 在馆    
唐山师范学院图书馆 欢迎您!
大连网信软件有限公司© 版权所有